Rating valuation (Record no. 111998)

MARC details
000 -LEADER
fixed length control field 01781cam a22003015a 4500
001 - CONTROL NUMBER
control field L152324
008 - FIXED-LENGTH DATA ELEMENTS--GENERAL INFORMATION
fixed length control field 101115s2010 xxk f 001 0 eng d
020 ## - INTERNATIONAL STANDARD BOOK NUMBER
International Standard Book Number 9780080966892
035 ## - SYSTEM CONTROL NUMBER
System control number (Sirsi) u152324
041 0# - LANGUAGE CODE
Language code of text/sound track or separate title eng
050 04 - LIBRARY OF CONGRESS CALL NUMBER
Classification number 336.2 $2 18
100 1# - MAIN ENTRY--PERSONAL NAME
Personal name Bond, Patrick H.
245 00 - TITLE STATEMENT
Title Rating valuation
Remainder of title principles and practice
Medium [electronic resource]
250 ## - EDITION STATEMENT
Edition statement 3rd ed.
260 ## - PUBLICATION, DISTRIBUTION, ETC.
Name of publisher, distributor, etc. Estates Gazette
Date of publication, distribution, etc. 2010
300 ## - PHYSICAL DESCRIPTION
Extent eBook
505 2# - FORMATTED CONTENTS NOTE
Formatted contents note Introduction -- The rateable occupier -- The hereditament -- The domestic/non-domestic borderline -- Exemption and reliefs -- The basis of valuation -- Rental analysis and valuation -- The contractor's basis -- Receipts and expenditure -- Receipts and expenditure -- The valuation of shops -- The valuation of offices -- The valuation of factories, workshops and warehouses -- The valuation of plant and machinery -- The valuation of other types of property -- The 2010 ratiing lists: preparation, alteration and appeals -- Rating administration, collection and enforcement -- The empty property rate -- The council tax.
520 ## - SUMMARY, ETC.
Summary, etc. A comprehensive reference book for suveyors and students. The third edition of this book updates the reader on the changes the 2010 Rating Revaluation, developments in case law, the new appeals regulations and current approaches to valuing classes of hereditament. Also, includes differences between England and Wales.
520 ## - SUMMARY, ETC.
Summary, etc. Supersedes the 2nd edition (ISBN 0728204924 )
521 ## - TARGET AUDIENCE NOTE
Target audience note Advanced
650 24 - SUBJECT ADDED ENTRY--TOPICAL TERM
Topical term or geographic name entry element EBOOK
651 #4 - SUBJECT ADDED ENTRY--GEOGRAPHIC NAME
Geographic name England and Wales
Chronological subdivision 1543-
690 ## - LOCAL SUBJECT ADDED ENTRY--TOPICAL TERM (OCLC, RLIN)
Topical term or geographic name as entry element PROPERTY-PROPERTY TAXATION
700 1# - ADDED ENTRY--PERSONAL NAME
Personal name Brown, Peter K.
856 40 - ELECTRONIC LOCATION AND ACCESS
Uniform Resource Identifier <a href="https://www.vlebooks.com/">https://www.vlebooks.com/</a>
Public note View on VLEbooks. Logins for members only from [email protected]
942 ## - ADDED ENTRY ELEMENTS (KOHA)
Suppress in OPAC 0
Holdings
Withdrawn status Lost status Damaged status Not for loan Home library Current library Shelving location Date acquired Total Checkouts Full call number Barcode Date last seen Copy number Price effective from Koha item type Source of classification or shelving scheme
  Missing from bundle     London London Books 21/02/2011   336.2 BON 30075655 06/08/2019 1 06/08/2019 Book  
        Virtual Virtual Online 30/06/2011   EBOOK 152324-3001 06/08/2019 1 06/08/2019 Book Dewey Decimal Classification